Central Library OPAC University of Rajshahi

The penal law of India : (Record no. 46261)

MARC details
000 -LEADER
fixed length control field 01003nam a2200277 a 4500
001 - CONTROL NUMBER
control field 46261
003 - CONTROL NUMBER IDENTIFIER
rucl marc code BD-RjUL
005 - DATE AND TIME OF LATEST TRANSACTION
control field 20211209054128.0
008 - FIXED-LENGTH DATA ELEMENTS--GENERAL INFORMATION
fixed length control field 160801s1956 ii 000 0 eng
035 ## - SYSTEM CONTROL NUMBER
System control number (BD-RjUL)46379
040 ## - CATALOGING SOURCE
Original cataloging agency DLC
Transcribing agency CarP
Modifying agency BD-RjUL
Language of cataloging eng
041 ## - LANGUAGE CODE
Language code of text/sound track or separate title eng
082 ## - DEWEY DECIMAL CLASSIFICATION NUMBER
Classification number 345.54
Edition number 23
Author mark and year GOP 1956
100 ## - MAIN ENTRY--PERSONAL NAME
Personal name Gour, Hari Singh
9 (RLIN) 142061
245 14 - TITLE STATEMENT
Title The penal law of India :
Remainder of title being an analytical, critical and expository commentary on the Indian penal code (Act XLV of 1860 as amended up to date) /
Statement of responsibility, etc. by Hari Singh Gour ; edited by Kamalakanta Verma , R. L. Anand & S. S. Sastry
250 ## - EDITION STATEMENT
Edition statement 6th ed.
260 ## - PUBLICATION, DISTRIBUTION, ETC. (IMPRINT)
Place of publication, distribution, etc. Allahabad :
Name of publisher, distributor, etc. Law Book Co. ,
Date of publication, distribution, etc. 1956
300 ## - PHYSICAL DESCRIPTION
Pagination v. ;
Size 25 cm.
500 ## - GENERAL NOTE
General note "In Three Volumes"
505 0# - FORMATTED CONTENTS NOTE
Formatted contents note v. 3, (sections 378 to End) --
650 #0 - SUBJECT ADDED ENTRY--TOPICAL TERM
Topical term or geographic name as entry element Criminal law
Geographic subdivision India.
9 (RLIN) 13618
700 1# - ADDED ENTRY--PERSONAL NAME
Personal name Verma, S. K.
Fuller form of name (Shashi Kant),
Dates associated with a name 1911-
Relator term ed.
Personal name Anand, R. L., jt. ed.
Personal name Sastry, S. S. , jt. ed.
942 ## - ADDED ENTRY ELEMENTS (KOHA)
Source of classification or shelving scheme Dewey Decimal Classification
Koha item type Books
Holdings
Lost status Source of classification or shelving scheme Damaged status Not for loan Collection code Permanent Location Current Location Shelving location Date acquired Source of acquisition Cost, normal purchase price Total Checkouts Full call number Date last seen Copy number Koha item type
  Dewey Decimal Classification   Not For Loan Non-fiction Central Library, University of Rajshahi Central Library, University of Rajshahi Reading Room 22/05/1957 Law Book Co. 15.00   345.54 GOP V-3 1956 02/08/2016 C-1 Books